=LDR 00000nam 2200000 4500 =001 INLIS000000000038570 =005 20230606010210 =035 ##$$a 0010-061300000038570 =008 230606################g##########0#ind## =041 ##$$a Ind =082 ##$$a 641.824 8 =090 ##$$a 641.824 8, Piz p =245 ##$$a Pizza kriuk... /$c Editor, Intarina Hardiman =260 ##$$a Jakarta :$b PT. Gramedia Pustaka Utama,$c 2011 =300 ##$$a 55 hlm. : $b ilus. ; $c 21 x 17 cm =650 #4$$a Pizza =850 ##$$a NBPNMAT =020 ##$$a 978-979-22-7420-2 =084 ##$$a 641.824 8 PIZ p =990 ##$$a 26352635 =990 ##$$a 21109673/Pb/2011